000 00869nam a22002897a 4500
001 6990
003 FISKH
005 20260311162750.0
008 250616b cb ||||| |||| 00| 0 eng d
020 _a9780516273778
040 _aFISKH
_beng
_cFISKH
_dFISKH
050 _aBP186.M36
082 _a297.3
100 _aMarx. David F.
245 _aRamadan /
_cBy David F. Marx
260 _aNew York :
_bChildren Press ,
_c2002.
300 _a31 pages :
_bcolor illustrations ;
_c18x15 cm .
490 _aRookie- Read-About Holidays
505 _aR
520 _aA simple introduction to the traditions and festivities of the Muslim holiday, Ramadan.
521 8 _a720
_bLexile NC
521 8 _aR
_bRaz-Plus
650 _aRamadan
_vJuvenile Literature
700 _aAnderson, Caroline
_ePhoto Researcher
942 _2ddc
_cBK
_n0
999 _c6990
_d6990